|
|
|
|
| LEADER |
00590nam a22001817a 4500 |
| 003 |
OSt |
| 020 |
|
|
|a 9788129124043
|
| 082 |
|
|
|a 808.89
|b TER/MY
|
| 100 |
|
|
|a OBrien, Terry
|
| 245 |
|
|
|a Mystery stories
|
| 260 |
|
|
|a New Delhi
|b Rupa publications India pvt. ltd.
|c 2013
|
| 300 |
|
|
|a 160p.
|
| 500 |
|
|
|a Terry O Brien
|
| 546 |
|
|
|a English
|
| 650 |
|
|
|a Classic tales for children
|
| 942 |
|
|
|2 ddc
|c BK
|
| 999 |
|
|
|c 155783
|d 155783
|
| 952 |
|
|
|0 0
|1 0
|2 ddc
|4 0
|6 808_890000000000000_TERMY
|7 0
|8 Gen
|9 154823
|a KAUCLV
|b KAUCLV
|c GENERAL
|d 2017-06-16
|g 140.00
|l 2
|o 808.89 TER/MY
|p 227589
|r 2018-11-24
|s 2018-11-10
|w 2017-06-16
|y BK
|